| 000 | 00661nam a22002057a 4500 | ||
|---|---|---|---|
| 003 | OSt | ||
| 005 | 20260302081012.0 | ||
| 008 | 260205b |||||||| |||| 00| 0 eng d | ||
| 020 | _a9781740480222 | ||
| 040 |
_aDWCL-Main Lib _cOC |
||
| 082 | _aGR. 398.2 N532 2003 | ||
| 245 | _aNew world mythology : myths and legends of Oceania and the Americans | ||
| 260 |
_aAustralia : _bGlobal Book, _cc2003. |
||
| 300 |
_a159 p. : _bill. ( Chiefly col. ) : _c30 cm |
||
| 504 | _a1. Includes index. | ||
| 650 | _aMythology - Encyclopedias. | ||
| 650 | _aMythology - Oceania - Americans - Encylopedias. | ||
| 700 |
_aMills, Alice _eEditor |
||
| 942 |
_2ddc _cBK-GR _mGR. _n0 |
||
| 999 |
_c8298 _d8298 |
||